<?xml version="1.0" encoding="UTF-8"?>
<collection xmlns="http://www.loc.gov/MARC21/slim">
 <record>
  <leader>00832pamaa2200277   4500</leader>
  <controlfield tag="001">0000054417</controlfield>
  <controlfield tag="005">20171220090000.0</controlfield>
  <controlfield tag="007">  Monograph</controlfield>
  <controlfield tag="008">171220s2014      eng</controlfield>
  <datafield tag="020" ind1=" " ind2=" ">
   <subfield code="a">9780008108175 (pbk) </subfield>
  </datafield>
  <datafield tag="040" ind1=" " ind2=" ">
   <subfield code="a">OCLC</subfield>
  </datafield>
  <datafield tag="090" ind1="0" ind2="0">
   <subfield code="a">HD9696.2.U64 </subfield>
   <subfield code="b">KAN 2014</subfield>
  </datafield>
  <datafield tag="100" ind1="1" ind2=" ">
   <subfield code="a">Kane, Yukari Iwatani </subfield>
  </datafield>
  <datafield tag="245" ind1="0" ind2="2">
   <subfield code="a">Haunted Empire : </subfield>
   <subfield code="b">Apple After Steve Jobs  </subfield>
   <subfield code="c">Yukari Iwatani Kani.</subfield>
  </datafield>
  <datafield tag="250" ind1=" " ind2=" ">
   <subfield code="a">1st ed..</subfield>
  </datafield>
  <datafield tag="264" ind1=" " ind2="4">
   <subfield code="c">c2014.</subfield>
  </datafield>
  <datafield tag="264" ind1=" " ind2="1">
   <subfield code="a">London: </subfield>
   <subfield code="b">William Collins, </subfield>
   <subfield code="c">2014.</subfield>
  </datafield>
  <datafield tag="300" ind1=" " ind2=" ">
   <subfield code="a">xi, 371p.; </subfield>
   <subfield code="c">20cm.</subfield>
  </datafield>
  <datafield tag="336" ind1=" " ind2=" ">
   <subfield code="a">text</subfield>
   <subfield code="2">rdacontent</subfield>
  </datafield>
  <datafield tag="500" ind1=" " ind2=" ">
   <subfield code="a">Business Guru Collection</subfield>
  </datafield>
  <datafield tag="504" ind1=" " ind2=" ">
   <subfield code="a">Index: page 361; Includes bibliographical references</subfield>
  </datafield>
  <datafield tag="650" ind1=" " ind2="0">
   <subfield code="a">Computer industry -- </subfield>
   <subfield code="y">Management </subfield>
  </datafield>
  <datafield tag="650" ind1=" " ind2="0">
   <subfield code="a">Business </subfield>
  </datafield>
  <datafield tag="650" ind1=" " ind2="0">
   <subfield code="a">Apple Computer, Inc. (Firm) </subfield>
  </datafield>
  <datafield tag="650" ind1=" " ind2="0">
   <subfield code="a">Jobs, Steve, 1955-2011 </subfield>
  </datafield>
  <datafield tag="856" ind1="4" ind2="2">
   <subfield code="u">WilliamCollinsBooks.com</subfield>
  </datafield>
 </record>
</collection>
